[Event "CRI-ch"]
[Site "San Jose"]
[Date "2024.01.06"]
[Round "1"]
[White "Fernandez Sanchez, Mario Andres"]
[Black "Quesada Fallas, Esteban"]
[Result "1/2-1/2"]
[WhiteElo "2026"]
[BlackElo "1654"]
[PlyCount "62"]
[EventDate "2024.01.06"]
[EventType "swiss"]
[EventRounds "9"]
[EventCountry "CRI"]
[SourceTitle "CB05_2024"]
[SourceDate "2024.01.31"]
[SourceVersion "1"]
[SourceVersionDate "2024.01.31"]
[SourceQuality "1"]

1. d4 Nf6 2. c4 g6 3. Nc3 d5 4. e3 Bg7 5. Qb3 c6 6. Nf3 0-0 7. Bd2 dxc4 8. Bxc4 Qb6 9. 0-0 Nbd7 10. Rac1 Qxb3 11. Bxb3 Re8 12. Ng5 e6 13. f4 b6 14. Nce4 Nxe4 15. Nxe4 Ba6 16. Rfd1 c5 17. dxc5 Nxc5 18. Nxc5 bxc5 19. Bc3 Bf8 20. Bf6 Rec8 21. Bc4 Bxc4 22. Rxc4 Rab8 23. Rdc1 Re8 24. b3 a5 25. Kf2 Rb4 26. Kf3 Ra8 27. h3 a4 28. Rxb4 cxb4 29. bxa4 Bg7 30. Be7 Bf8 31. Bf6 Bg7 1/2-1/2